Meilleur vitesse 3g - Statistiques

Statistiques générales
  • Ce quiz a été pris 13 fois
  • Le résultat moyen est 21 sur 26
Statistiques - réponses
Hint Réponse % Correct
150 deoxys
100%
150 deoxys attaque
100%
180 deoxys vitesse
100%
100 drattak
100%
100 jirachi
100%
120 jungko
100%
110 latias
100%
110 latios
100%
100 libegon
100%
160 ninjask
100%
105 elecsprint
80%
125 heledelle
80%
115 mega absol
80%
120 mega drattak
80%
145 mega jungko
80%
110 mega latias
80%
110 mega latios
80%
115 mega rayquaza
80%
100 mega brasegali
60%
100 mega charmina
60%
135 mega elecsprint
60%
100 mega gardevoir
60%
110 mega metalosse
60%
100 mega oniglali
60%
105 mega sharpedo
60%
100 monaflemit
60%
Aucun quiz correspondant
Distribution des résultats
% des personnes avec chaque résultat
Percentile par nombre de réponses
Votre historique - résultats
Vous n’avez pas pris ce quiz